• 首页
  • 本馆介绍
  • 公告通知
  • 最新文献
  • 馆藏检索
  • 电子资源
  • 读者导购
  • 参考咨询
  • 我的图书馆
  • 登录
  • 详细信息显示
  • 放入我的书架
  • 预约/预借图书
  • 作者相关作品
  • 分类相关作品
  • 丛书相关作品
  • 出版社相关作品

书目信息

  • 表格格式
  • 工作单格式
  • 卡片格式
题名:
毛泽东建党思想与党史研究
    
 
作者: 马齐彬 等著
分册:  
出版信息: 北京   中共中央党校出版社  1984
页数: 503页
开本: 21cm
丛书名: 毛泽东思想研究丛书
单 册:
中图分类: A841.62 , D239
科图分类:
主题词: 毛泽东思想-党的建设--研究 , 党的建设-毛泽东思想--研究 , 中国共产党
电子资源:
ISBN:
000 00851nam2 2200289 45
001 0184010346
005 20070802102058.00
010    @dCNY2.30
091    @a3109.513
100    @a19950407d1984 emky0chiy0121 ea
101 0  @achi
102    @aCN@b430000
105    @ay z 000yy
200 10 @a毛泽东建党思想与党史研究@Amao ze dong jian dang si xiang yu dang shi yan jiu@f马齐彬等著
210    @a北京@c中共中央党校出版社@a长沙@c湖南人民出版社@d1984
215    @a503页@d21cm
225 2  @a毛泽东思想研究丛书
410  0 @120010@a毛泽东思想研究丛书
606    @a毛泽东思想-党的建设@x研究
606    @a党的建设-毛泽东思想@x研究
606 0  @a中国共产党
690    @aA841.62@v3
690    @aD239
701  0 @a马齐彬@Ama qi bin@4等著
801  0 @aCN@b上海图书馆@c20070802
801  2 @aCN@bNLC@c20060816
905    @f2@b212617-618@dD239@e91
    
    毛泽东建党思想与党史研究/马齐彬等著.-北京:中共中央党校出版社;长沙:湖南人民出版社,1984
    503页;21cm.-(毛泽东思想研究丛书)
    
    
    ISBN :CNY2.30
    
●
相关链接 在E读中查询图书 在五车中查询图书 在当当中查询图书 在豆瓣中查询图书


正题名:毛泽东建党思想与党史研究     索取号:D239/91         预约/预借

序号 登录号 条形码 馆藏地/架位号 状态 备注
1 0212617   000376355   第一借阅区/ [索取号:D239/91] 在馆    
2 0212618   000376364   第一样本阅览室/ [索取号:D239/91] 在馆    
3 0464852   204648523   密集书库/ [索取号:D239/91] 在馆    
4 0790756   207907568   密集书库/ [索取号:D239/91] 在馆    
唐山师范学院图书馆 欢迎您!
大连网信软件有限公司© 版权所有